Central Library OPAC University of Rajshahi

Analyzing English : (Record no. 61676)

MARC details
000 -LEADER
fixed length control field 00763nam a2200265 a 4500
001 - CONTROL NUMBER
control field 61676
003 - CONTROL NUMBER IDENTIFIER
rucl marc code BD-RJUL
005 - DATE AND TIME OF LATEST TRANSACTION
control field 20211209081006.0
008 - FIXED-LENGTH DATA ELEMENTS--GENERAL INFORMATION
fixed length control field 170121s1980 a 001 0 eng d
020 ## - INTERNATIONAL STANDARD BOOK NUMBER
International Standard Book Number 0080245560
035 ## - SYSTEM CONTROL NUMBER
System control number (BD-RJUL)61800
040 ## - CATALOGING SOURCE
Original cataloging agency BD-RJUL
Transcribing agency BD-RJUL
Language of cataloging eng
041 ## - LANGUAGE CODE
Language code of text/sound track or separate title eng
082 ## - DEWEY DECIMAL CLASSIFICATION NUMBER
Classification number 420
Edition number 23
Author mark and year JAA 1980
100 1# - MAIN ENTRY--PERSONAL NAME
Personal name Jackson, Howard
9 (RLIN) 183704
245 10 - TITLE STATEMENT
Title Analyzing English :
Remainder of title an introduction to descriptive linguistics /
Statement of responsibility, etc. Howard Jackson
250 ## - EDITION STATEMENT
Edition statement 1st ed.
260 ## - PUBLICATION, DISTRIBUTION, ETC. (IMPRINT)
Place of publication, distribution, etc. New York :
Name of publisher, distributor, etc. Pergamon Press,
Date of publication, distribution, etc. c1980
300 ## - PHYSICAL DESCRIPTION
Pagination x, 140 p. :
Illustrations ill. ;
Size 26 cm
490 1# - SERIES STATEMENT
Series statement Language courses
500 ## - GENERAL NOTE
General note Includes index.
650 #0 - SUBJECT ADDED ENTRY--TOPICAL TERM
Topical term or geographic name as entry element English language
General subdivision Grammar
9 (RLIN) 182439
830 #0 - SERIES ADDED ENTRY--UNIFORM TITLE
Uniform title Language courses
942 ## - ADDED ENTRY ELEMENTS (KOHA)
Source of classification or shelving scheme Dewey Decimal Classification
Koha item type Books
Holdings
Lost status Source of classification or shelving scheme Damaged status Not for loan Collection code Permanent Location Current Location Shelving location Date acquired Source of acquisition Total Checkouts Full call number Date last seen Copy number Koha item type
  Dewey Decimal Classification   Not For Loan Non-fiction Central Library, University of Rajshahi Central Library, University of Rajshahi Reading Room 24/07/1985 Ani.   420 JAA 1980 21/01/2017 C-1 Books